Employment : (Record no. 370815)

MARC details
000 -LEADER
fixed length control field 00440nam a22001697a 4500
005 - DATE AND TIME OF LATEST TRANSACTION
control field 20260330143100.0
008 - FIXED-LENGTH DATA ELEMENTS--GENERAL INFORMATION
fixed length control field 260330b |||||||| |||| 00| 0 eng d
020 ## - INTERNATIONAL STANDARD BOOK NUMBER
International Standard Book Number 9781041042846
082 ## - DEWEY DECIMAL CLASSIFICATION NUMBER
Classification number 658
Item number WOO B22833
100 ## - MAIN ENTRY--PERSONAL NAME
Author Woodcock J
245 ## - TITLE STATEMENT
Title Employment :
Remainder of title A Key Idea for Business and Society
260 ## - PUBLICATION, DISTRIBUTION, ETC.
Place of publication, distribution, etc. NY
Name of publisher, distributor, etc. Routledge
Date of publication, distribution, etc. 2025
300 ## - PHYSICAL DESCRIPTION
Extent 121p
500 ## - GENERAL NOTE
Keywords General Management
500 ## - GENERAL NOTE
Keywords Employment
942 ## - ADDED ENTRY ELEMENTS (KOHA)
Koha item type Books
Holdings
Withdrawn status Lost status Source of classification or shelving scheme Damaged status Not for loan Home library Current library Date acquired Vendor Net Price Bill number Total Checkouts Full call number Barcode Date last seen Actual Price Bill Date Koha item type Original Barcode
    Dewey Decimal Classification     Smt. Hiraben Nanavati Institute of Management & Research for Women Smt. Hiraben Nanavati Institute of Management & Research for Women 30/01/2026 The Forward Books 695.00 25295   658 WOO B22833 HIMR-BK-22833 30/03/2026 507.35 24/01/2026 Books B22833